Consultation on integrating flood defence consents into the Environmental Permitting regime in England and Wales Government and Welsh Government response (Record no. 115669)
[ view plain ]
| 000 -LEADER | |
|---|---|
| fixed length control field | 01514cam a22002175a 4500 |
| 001 - CONTROL NUMBER | |
| control field | L159091 |
| 008 - FIXED-LENGTH DATA ELEMENTS--GENERAL INFORMATION | |
| fixed length control field | 160115s2016 xxk f 000 0 eng d |
| 035 ## - SYSTEM CONTROL NUMBER | |
| System control number | (Sirsi) u159091 |
| 041 0# - LANGUAGE CODE | |
| Language code of text/sound track or separate title | eng |
| 110 2# - MAIN ENTRY--CORPORATE NAME | |
| Corporate name or jurisdiction name as entry element | United Kingdom |
| Subordinate unit | Department for Environment, Food and Rural Affairs |
| 110 2# - MAIN ENTRY--CORPORATE NAME | |
| Corporate name or jurisdiction name as entry element | Welsh Government |
| 9 (RLIN) | 6155 |
| 245 00 - TITLE STATEMENT | |
| Title | Consultation on integrating flood defence consents into the Environmental Permitting regime in England and Wales Government and Welsh Government response |
| Remainder of title | January 2016 |
| 260 ## - PUBLICATION, DISTRIBUTION, ETC. | |
| Date of publication, distribution, etc. | 2016 |
| 520 ## - SUMMARY, ETC. | |
| Summary, etc. | Response to public consultation on proposals to integrate flood defence consents for activities affecting statutory main rivers into the Environmental Permitting regime in England and Wales. The consultation sought views on a package of measures designed to reduce regulatory burdens. A total of 42 responses to the consultation were received from a range of interested parties. A summary is provided of the comments along with the United Kingdom and Welsh Governments? response to them. The responses have helped the finalisation of the proposals which will draft the necessary regulations which will be debated in both Houses of Parliament and the Welsh Assembly. |
| 590 ## - LOCAL NOTE (RLIN) | |
| Local note | KA |
| 651 #4 - SUBJECT ADDED ENTRY--GEOGRAPHIC NAME | |
| Geographic name | ENGLAND AND WALES |
| 690 ## - LOCAL SUBJECT ADDED ENTRY--TOPICAL TERM (OCLC, RLIN) | |
| Topical term or geographic name as entry element | Environment |
| 9 (RLIN) | 6238 |
| 690 ## - LOCAL SUBJECT ADDED ENTRY--TOPICAL TERM (OCLC, RLIN) | |
| Topical term or geographic name as entry element | Sustainability |
| 9 (RLIN) | 6271 |
| 856 40 - ELECTRONIC LOCATION AND ACCESS | |
| Uniform Resource Identifier | <a href="https://www.gov.uk/government/uploads/system/uploads/attachment_data/file/489914/flood-defence-consents-gov-resp.pdf">https://www.gov.uk/government/uploads/system/uploads/attachment_data/file/489914/flood-defence-consents-gov-resp.pdf</a> |
| Public note | View the response free of charge at www.gov.uk |
| 942 ## - ADDED ENTRY ELEMENTS (KOHA) | |
| Suppress in OPAC | 0 |
| Withdrawn status | Lost status | Source of classification or shelving scheme | Damaged status | Not for loan | Home library | Current library | Shelving location | Date acquired | Total Checkouts | Full call number | Barcode | Date last seen | Copy number | Price effective from | Koha item type |
|---|---|---|---|---|---|---|---|---|---|---|---|---|---|---|---|
| Dewey Decimal Classification | London | London | Online | 15/01/2016 | ONLINE PUBLICATION | 159091-1001 | 06/08/2019 | 1 | 06/08/2019 | Book |